| 000 | 00373nam a2200145Ia 4500 | ||
|---|---|---|---|
| 008 | 230917s9999||||xx |||||||||||||| ||und|| | ||
| 040 |
_e145634 _aMAIN |
||
| 041 | _aEnglish | ||
| 082 | _a320.50954 P882S | ||
| 100 | _aPradhan, Benudhar | ||
| 245 | 0 | _aSocialist thought of mahatma Gandhi 2 V | |
| 260 |
_aDelhi _bGDK Publication _c1980 |
||
| 300 | _a344p p. | ||
| 942 | _cBK | ||
| 999 |
_c213061 _d213061 |
||